Vấn đề tính đến tiếng mẹ đẻ trong quá trình dạy - học tiếng Nga trường phổ thông Việt Nam
Đã lưu trong:
| 主要作者: | |
|---|---|
| 其他作者: | , |
| 格式: | 图书 |
| 语言: | Vietnamese |
| 出版: |
Đà Nẵng,
1994.
|
| 主题: | |
| 标签: |
添加标签
没有标签, 成为第一个标记此记录!
|
| Thư viện lưu trữ: | Mạng thư viện Đại học Đà Nẵng |
|---|
| LEADER | 01064cmm a2200337 i 4500 | ||
|---|---|---|---|
| 001 | 000044717 | ||
| 003 | 3125 | ||
| 005 | 20040322105302.0 | ||
| 008 | 010313b1994 vm 000 vie | ||
| 040 | |a IRC |c IRC |d IRC | ||
| 041 | 0 | |a vie | |
| 082 | 1 | 4 | |a 491.70712 |b HU-L |
| 100 | 1 | |a Huỳnh Thị Tường Lan. | |
| 245 | 0 | 0 | |a Vấn đề tính đến tiếng mẹ đẻ trong quá trình dạy - học tiếng Nga trường phổ thông Việt Nam |h [Thesis - Luận văn] / |c Huỳnh Thị Tường Lan, Vũ Thị Cẩm Vân thực hiện ; Lê Xuân Thức hướng dẫn. |
| 260 | |a Đà Nẵng, |c 1994. | ||
| 300 | |a 44tr. ; |c 29cm. | ||
| 630 | 0 | 4 | |a Giáo dục trung học. |
| 630 | 0 | 4 | |a Nga ngữ. |
| 650 | 0 | 4 | |a Nga ngữ |x Giáo dục. |
| 700 | 1 | |a Vũ Thị Cẩm Vân. | |
| 700 | 1 | |a Lê Xuân Thức, |e hướng dẫn. | |
| OWN | |a DUT | ||
| 999 | |a From the UDN01 | ||
| TYP | |a Computer file | ||
| TYP | |a Monograph | ||
| 980 | |a Mạng thư viện Đại học Đà Nẵng | ||